The I hate New York guidebook

Saved in:
Bibliografiske detaljer
Hovedforfatter: Leight, Warren
Format: Bog
Sprog:engelsk
Tags: Tilføj Tag
Ingen Tags, Vær først til at tagge denne postø!

MARC

LEADER 00000nam a2200000 4500
005 20240731182528.0
008 240731b |||||||| |||| 00| 0 eng d
040 |c GP 
100 |a Leight, Warren 
245 |a The I hate New York guidebook 
942 |2 ddc  |c BK  |n 0 
952 |0 0  |1 0  |2 ddc  |4 0  |6 810_000000000000000_LEI  |7 1  |9 1730  |a RM  |b RM  |d 2024-07-31  |l 0  |o 810 LEI  |p 513  |r 2024-07-31 18:25:44  |w 2024-07-31  |y BK 
999 |c 1546  |d 1546